000 00724nam a2200253Ia 4500
003 OSt
005 20220928102947.0
006 a|||||r|||| 00| 0
007 ta
008 220927b |||||||| |||| 00| 0 eng d
020 _c300
024 _a106523
037 _b1135, 08/03/2010, Kiran Book Service
_cTextual
040 _aSDCL
_cSDCL
_beng
041 _2eng
_aeng
082 _aO152,6N448x, P9
100 _aPushpa Maitria
_9401440
245 0 _aCharcha hamara.
260 _aNew Delhi
_bSamayik Prakashan
_c2009
300 _a191p
_ccm.
650 _aHindi
_9391598
942 _hO152,6N448x, P9
_cTEXL
_2CC
999 _c717316
_d717316